000 01031nam a2200301 c 4500
003 BLK
005 20180422112051.0
008 180409b bul|||||r ||||||| ||bul||
010 _aKNG00143540000
040 _aBLK
041 _aBUL
_cBUL
072 7 _2bullib
_aЯ
_xАвтографи
080 _aБългарска литература
_b821.163.2
_x-1
_z821.163.2-1
100 1 _aЕвтимов, Евтим Михалушев
_eпърви автор
_9365147
139 _aЕвтимов, Евтим Михалушев
_bЕ 22
245 1 0 _aКнига за една обич
_bЛирически поеми
_cЕвтим Михалушев Евтимов.
257 _aBGR
260 Пловдив
_bХристо Г. Данов
_c1967
300 _a48 с.
_c10 см
380 _aX
490 1 _aПоредица Посоки
_v1967, 2
659 _aЯ
852 _aЦб І 9104
856 4 _qpdf
_u
856 4 _qpdf
_u
942 _cKNG
_n0
944 _aCR
_c05.06.2013
_kРенета_Константинова
944 _aED
_c05.06.2013
_k
999 _c137567
_d137567